000 00637nam a2200253Ia 4500
001 13107
005 20240113235429.0
007 ta
008 051029s1993 a g b000 u asm u
020 _cHB
040 _aCotton College,Assam
041 _aasm
082 _a891.411
_bS 49 Bh
100 _aSankardev, .
245 0 _aBhakti-Ratnakar /
_cSankardev.
_hTextual Documents
250 _a2nd ed. /
260 _aGuwahati :
_bDutta Barua & Co ,
_c1993.
300 _a242p. :
_bill. ;
_c17cm .
653 _aAssamese Poetry
653 _aG-Assamese
942 _2ddc
_cBK
999 _c13093
_d13093